LEADER 00829nam0-22002891i-450- 001 990001086950403321 035 $a000108695 035 $aFED01000108695 035 $a(Aleph)000108695FED01 035 $a000108695 100 $a20000920d1968----km-y0itay50------ba 101 0 $afra 200 1 $aCours d'éléctronique - Vol.II$eCircuits de liaison quadripoles, filtres, amplification par tubes et transistors 210 $aParis$cGauthier-Villars$d1968 610 0 $aElettronica generale 610 0 $aCircuiti 676 $a537.5 700 1$aBouchet,$bL.$051709 702 1$aMartin,$bA. 801 0$aIT$bUNINA$gRICA$2UNIMARC 901 $aBK 912 $a990001086950403321 952 $a31-137.001$b15852$fFI1 959 $aFI1 996 $aCours d'éléctronique - Vol.II$9335655 997 $aUNINA DB $aING01 LEADER 01302cam2 22003011 450 001 SOBE00054427 005 20170117130108.0 010 $a9788814167799 100 $a20170117d2016 |||||ita|0103 ba 101 $aita 102 $aIT 200 1 $a<<1.3: >>Diritto delle obbligazioni, atti e vincoli di destinazione, affidamenti fiduciari, trust italiani$f Gaetano Petrelli 205 $a2. ed. riveduta e ampliata 210 $aMilano$cGiuffrè$d2016 215 $aXXI, 1370 p.$d28 cm$e1 CD-ROM 461 1$1001SOB006037$12001 $aFormulario notarile commentato / Gaetano Petrelli$v3 700 1$aPetrelli$b, Gaetano$3AF00003533$4070$0235082 801 0$aIT$bUNISOB$c20170117$gRICA 850 $aUNISOB 852 $aUNISOB$j340$m167797 852 $aUNISOB$j340|CD$m167798 912 $aSOBE00054427 940 $aM 102 Monografia moderna SBN 941 $aM 957 $a340$b008014$i-1.3$gSI$d167797$n20170117$racquisto$tV$1Alfano$2UNISOB$3UNISOB$420170117120745.0$520170117122934.0$6Alfano 957 $a340|CD$b000266$i-1.3$gCON$d167798$n20170117$racquisto$tV$1Alfano$2UNISOB$3UNISOB$420170117122020.0$520170117122952.0$6Alfano$sallegato n.i. 167797 996 $aDiritto delle obbligazioni, atti e vincoli di destinazione, affidamenti fiduciari, trust italiani$91546670 997 $aUNISOB LEADER 00950nam a2200265 i 4500 001 991003368359707536 008 080218s2002 sp 001 0 spa d 020 $a847248971X 035 $ab1367822x-39ule_inst 082 0 $a340.12 100 1 $aHernández Marín, Rafael$0437977 245 10$aIntroducción a la teoría de la norma jurídica /$cRafael Hernández Marín 250 $a2?. ed 260 $aMadrid :$bMarcial Pons,$c2002 300 $a585 p. ;$c24 cm 440 0$aManuales universitarios 650 4$aInterpretazione del diritto 650 4$aLeggi 650 4$aFilosofia del diritto 907 $a.b1367822x$b02-04-14$c18-02-08 912 $a991003368359707536 945 $aLE027 340.12 HER01.01$g1$i2027000177707$lle027$o-$pE35.00$q-$rl$s- $t0$u0$v0$w0$x0$y.i1473283x$z22-04-08 996 $aIntroducción a la teoría de la norma jurídica$91214630 997 $aUNISALENTO 998 $ale027$b18-02-08$cm$da $e-$fspa$gsp $h0$i0